02656nam a22002657a 450000500170000000800410001704000070005804100080006508200180007310000240009124500380011526000640015330000310021736500580024852014070030665000360171365000350174965000350178465000810181994200120190099900190191295201530193195201530208495201530223720260515115421.0260422b |||||||| |||| 00| 0 eng d cAL aeng a346.043bBIRL aS G Biradar9263997 aLand acquisition a paradigm shift aDharwadbBirsons Enterprises and Consultancy Servicesc2018 axxvi,389pbHBc22.5x14.5cm 2Lawa1343b₹487.50c₹d₹650.00e25%f14-03-2026 aThe "paradigm shift" referenced in the title refers to the transition from the colonial-era Land Acquisition Act of 1894 to the modern Right to Fair Compensation and Transparency in Land Acquisition, Rehabilitation and Resettlement Act, 2013 (LARR Act). International Journal of Law Fair Compensation: Biradar's work explores the determination of compensation and the legal guarantee of rights for project-affected families, which was often missing or outdated under previous laws. Karnataka Context: The text is frequently cited in the Karnataka State Law University (KSLU) syllabus for LL.B. students, particularly for units covering the Karnataka Land Revenue Act, 1964 and related local amendments. Launch and Recognition: The book was officially launched at the KAS Officers Association in January 2019. KSLU KSLU +8 Would you like to explore specific sections of the Karnataka Land Revenue Act or more details on the SIA process mentioned in Biradar's work? International Journal of Law +1 Key Concepts and Context Legislative Shift: The book discusses how the 2013 Act replaced the 1894 Act, moving from a government-centric "eminent domain" model to a more participative and transparent process. Mandatory Social Impact Assessment (SIA): A major focus is the requirement for an expert committee to conduct an SIA before any land notification, ensuring a "humane and participative" approach. 2aaNovelty and Dynamism9262291 aOffences and Penalties9262292 aResettlement Authority9262293 aNew Law relating to land acquisition rehabilitation and resettlement9262294 2ddccBK c241326d241326 00102ddc40708LawaLLbLLd2026-04-16eMPP House Bengaluru-560009g487.50l0o346.043 BIRLpLL002594r2026-04-22 10:18:15v650.00w2026-03-14yBK 00102ddc40708LawaLLbLLd2026-04-16eMPP House Bengaluru-560009g487.50l0o346.043 BIRLpLL002595r2026-04-22 10:18:15v650.00w2026-03-14yBK 00102ddc40708LawaLLbLLd2026-04-16eMPP House Bengaluru-560009g487.50l0o346.043 BIRLpLL002596r2026-04-22 10:18:15v650.00w2026-03-14yBK